000
00209nam a22000977a 4500
082
_a
621.388 COL'O
245
_a
COLOR TV CIRCUIT DIAGRAMS
260
_a
LAHORE
_b
AWAN GROUP
_c
1960
300
_a
60P
942
_c
BK
999
_c
580608
_d
580608